[Event "ODJM C 2023"]
[Site "Willingen GER"]
[Date "2023.05.28"]
[Round "1"]
[White "Hendricks, Ole"]
[Black "Nehrukumar, Snikitha"]
[Result "1-0"]
[Termination "normal"]
[Board "26"]
[WhiteElo "1263"]
[BlackElo "984"]
[WhiteClock "01:10:18"]
[BlackClock "01:02:49"]
[PlyCount "77"]
[WhiteFideId "34660488"]
[BlackFideId "34660569"]
[EventCountry "GER"]
[EventRounds "9"]
[EventType "swiss"]
[EventDate "2023.05.27"]

1. e4 {[%clk 01:30:56] [%emt 00:00:03]} 1... e5 {[%clk 01:30:46] [%emt
00:00:15]} 2. Nf3 {[%clk 01:30:32] [%emt 00:00:54]} 2... Nc6 {[%clk 01:30:56]
[%emt 00:00:20]} 3. Bc4 {[%clk 01:30:30] [%emt 00:00:32]} 3... Bc5 {[%clk
01:31:06] [%emt 00:00:21]} 4. c3 {[%clk 01:27:52] [%emt 00:03:08]} 4... Nf6
{[%clk 01:29:48] [%emt 00:01:23]} 5. d4 {[%clk 01:25:54] [%emt 00:02:52]} 5...
d5 {[%clk 01:25:28] [%emt 00:04:51]} 6. exd5 {[%clk 01:23:57] [%emt 00:02:27]}
6... Nxd5 {[%clk 01:24:58] [%emt 00:01:00]} 7. dxc5 {[%clk 01:21:27] [%emt
00:02:57]} 7... O-O {[%clk 01:22:59] [%emt 00:02:31]} 8. Qxd5 {[%clk 01:20:40]
[%emt 00:01:17]} 8... Bd7 {[%clk 01:19:49] [%emt 00:03:41]} 9. O-O {[%clk
01:16:37] [%emt 00:04:32]} 9... Re8 {[%clk 01:16:32] [%emt 00:03:47]} 10. Qxf7+
{[%clk 01:12:13] [%emt 00:04:52]} 10... Kh8 {[%clk 01:16:34] [%emt 00:00:29]}
11. Ng5 {[%clk 01:11:07] [%emt 00:01:30]} 11... Re7 {[%clk 01:10:22] [%emt
00:06:49]} 12. Qf3 {[%clk 01:09:17] [%emt 00:02:13]} 12... Qe8 {[%clk 01:08:19]
[%emt 00:02:41]} 13. Nf7+ {[%clk 01:08:35] [%emt 00:01:12]} 13... Rxf7 {[%clk
01:07:53] [%emt 00:00:55]} 14. Qxf7 {[%clk 01:08:22] [%emt 00:00:43]} 14...
Qxf7 {[%clk 01:07:45] [%emt 00:00:38]} 15. Bxf7 {[%clk 01:08:49] [%emt
00:00:05]} 15... Rf8 {[%clk 01:07:54] [%emt 00:00:21]} 16. Bb3 {[%clk 01:08:27]
[%emt 00:00:51]} 16... h6 {[%clk 01:07:19] [%emt 00:01:05]} 17. Be3 {[%clk
01:08:21] [%emt 00:00:30]} 17... Na5 {[%clk 01:06:16] [%emt 00:01:39]} 18. Nd2
{[%clk 01:08:24] [%emt 00:00:28]} 18... Bf5 {[%clk 01:05:49] [%emt 00:00:57]}
19. Nf3 {[%clk 01:08:15] [%emt 00:00:38]} 19... e4 {[%clk 01:05:33] [%emt
00:00:47]} 20. Nd4 {[%clk 01:08:25] [%emt 00:00:20]} 20... Bd7 {[%clk 01:05:30]
[%emt 00:00:33]} 21. Rad1 {[%clk 01:08:20] [%emt 00:00:30]} 21... Be8 {[%clk
01:03:04] [%emt 00:03:01]} 22. Ne6 {[%clk 01:07:52] [%emt 00:00:57]} 22... Rf6
{[%clk 01:02:53] [%emt 00:00:42]} 23. Rd8 {[%clk 01:06:52] [%emt 00:01:21]}
23... Kh7 {[%clk 01:00:46] [%emt 00:02:47]} 24. Rxe8 {[%clk 01:07:02] [%emt
00:00:20]} 24... Nc6 {[%clk 01:00:45] [%emt 00:00:31]} 25. Nf8+ {[%clk
01:06:40] [%emt 00:00:51]} 25... Kh8 {[%clk 01:00:19] [%emt 00:00:56]} 26. Nd7+
{[%clk 01:06:58] [%emt 00:00:13]} 26... Kh7 {[%clk 01:00:15] [%emt 00:00:34]}
27. Nxf6+ {[%clk 01:07:19] [%emt 00:00:08]} 27... Kg6 {[%clk 01:00:36] [%emt
00:00:11]} 28. Ng4 {[%clk 01:06:51] [%emt 00:00:55]} 28... Kh7 {[%clk 01:00:45]
[%emt 00:00:22]} 29. Bd5 {[%clk 01:07:07] [%emt 00:00:10]} 29... Na5 {[%clk
01:00:37] [%emt 00:00:42]} 30. Rd1 {[%clk 01:07:17] [%emt 00:00:19]} 30... Kg6
{[%clk 01:00:46] [%emt 00:00:21]} 31. Bxe4+ {[%clk 01:07:38] [%emt 00:00:09]}
31... Kf7 {[%clk 01:01:10] [%emt 00:00:06]} 32. Ra8 {[%clk 01:07:34] [%emt
00:00:34]} 32... a6 {[%clk 01:01:06] [%emt 00:00:35]} 33. Rc8 {[%clk 01:07:54]
[%emt 00:00:10]} 33... Nc4 {[%clk 01:01:10] [%emt 00:00:26]} 34. Bd5+ {[%clk
01:08:17] [%emt 00:00:07]} 34... Kg6 {[%clk 01:01:26] [%emt 00:00:13]} 35. Bxc4
{[%clk 01:08:45] [%emt 00:00:02]} 35... Kh7 {[%clk 01:01:49] [%emt 00:00:08]}
36. Bd3+ {[%clk 01:09:00] [%emt 00:00:15]} 36... g6 {[%clk 01:02:05] [%emt
00:00:14]} 37. Rxc7+ {[%clk 01:09:27] [%emt 00:00:02]} 37... Kh8 {[%clk
01:02:32] [%emt 00:00:03]} 38. Bxg6 {[%clk 01:09:54] [%emt 00:00:03]} 38... Kg8
{[%clk 01:02:49] [%emt 00:00:13]} 39. Rd8# {[%clk 01:10:18] [%emt 00:00:05]}
1-0

[Event "ODJM C 2023"]
[Site "Willingen GER"]
[Date "2023.05.28"]
[Round "1"]
[White "Winkler, Frida"]
[Black "Böker, Maximilian"]
[Result "1/2-1/2"]
[Termination "normal"]
[Board "28"]
[WhiteElo "1280"]
[BlackElo "969"]
[WhiteClock "01:08:19"]
[BlackClock "00:37:42"]
[PlyCount "43"]
[WhiteFideId "34622322"]
[BlackFideId "34623868"]
[EventCountry "GER"]
[EventRounds "9"]
[EventType "swiss"]
[EventDate "2023.05.27"]

1. e4 {[%clk 01:30:58]} 1... c5 {[%clk 01:30:52] [%emt 00:00:09]} 2. Nf3 {[%clk
01:31:19] [%emt 00:00:08]} 2... d6 {[%clk 01:31:12] [%emt 00:00:11]} 3. d4
{[%clk 01:31:40] [%emt 00:00:09]} 3... cxd4 {[%clk 01:31:30] [%emt 00:00:12]}
4. Nxd4 {[%clk 01:31:57] [%emt 00:00:12]} 4... Nf6 {[%clk 01:31:53] [%emt
00:00:06]} 5. Nc3 {[%clk 01:32:12] [%emt 00:00:15]} 5... a6 {[%clk 01:31:50]
[%emt 00:00:35]} 6. Be2 {[%clk 01:29:40] [%emt 00:03:01]} 6... e5 {[%clk
01:30:12] [%emt 00:02:07]} 7. Nf3 {[%clk 01:28:57] [%emt 00:01:14]} 7... Be7
{[%clk 01:22:26] [%emt 00:08:15]} 8. Bg5 {[%clk 01:27:03] [%emt 00:02:24]} 8...
h6 {[%clk 01:20:00] [%emt 00:02:57]} 9. Bh4 {[%clk 01:26:35] [%emt 00:00:58]}
9... Be6 {[%clk 01:16:42] [%emt 00:03:48]} 10. Qd2 {[%clk 01:25:29] [%emt
00:01:35]} 10... b5 {[%clk 01:09:39] [%emt 00:07:33]} 11. Nd5 {[%clk 01:20:35]
[%emt 00:05:24]} 11... Nxe4 {[%clk 00:59:36] [%emt 00:10:32]} 12. Bxe7 {[%clk
01:18:34] [%emt 00:02:31]} 12... Nxd2 {[%clk 00:46:24] [%emt 00:13:42]} 13.
Bxd8 {[%clk 01:17:19] [%emt 00:01:46]} 13... Kxd8 {[%clk 00:44:50] [%emt
00:02:04]} 14. Nb6 {[%clk 01:14:38] [%emt 00:03:10]} 14... Nxf3+ {[%clk
00:42:04] [%emt 00:03:17]} 15. Bxf3 {[%clk 01:13:25] [%emt 00:01:43]} 15... Ra7
{[%clk 00:41:57] [%emt 00:00:37]} 16. O-O {[%clk 01:12:03] [%emt 00:01:52]}
16... Nd7 {[%clk 00:40:29] [%emt 00:01:58]} 17. Nxd7 {[%clk 01:11:26] [%emt
00:01:07]} 17... Kxd7 {[%clk 00:40:43] [%emt 00:00:16]} 18. a3 {[%clk 01:10:34]
[%emt 00:01:22]} 18... Rc7 {[%clk 00:40:44] [%emt 00:00:29]} 19. c3 {[%clk
01:09:50] [%emt 00:01:13]} 19... Bb3 {[%clk 00:38:22] [%emt 00:02:45]} 20. Rfe1
{[%clk 01:08:53] [%emt 00:01:33]} 20... Re8 {[%clk 00:37:31] [%emt 00:01:20]}
21. Bg4+ {[%clk 01:08:25] [%emt 00:00:59]} 21... Be6 {[%clk 00:37:42] [%emt
00:00:19]} 22. Bxe6+ {[%clk 01:08:19] [%emt 00:00:36]} 1/2-1/2

[Event "ODJM C 2023"]
[Site "Willingen GER"]
[Date "2023.05.28"]
[Round "1"]
[White "Baihaghi, Arash"]
[Black "Knudsen, Finn Luca"]
[Result "1-0"]
[Termination "normal"]
[Board "30"]
[WhiteElo "1226"]
[BlackElo "967"]
[WhiteClock "01:35:19"]
[BlackClock "00:23:53"]
[PlyCount "87"]
[WhiteFideId "34604979"]
[BlackFideId "34630023"]
[EventCountry "GER"]
[EventRounds "9"]
[EventType "swiss"]
[EventDate "2023.05.27"]

1. e4 {[%clk 01:30:59]} 1... e5 {[%clk 01:30:51] [%emt 00:00:09]} 2. Nf3 {[%clk
01:31:26] [%emt 00:00:04]} 2... Nc6 {[%clk 01:30:20] [%emt 00:01:01]} 3. Bc4
{[%clk 01:31:50] [%emt 00:00:06]} 3... Bc5 {[%clk 01:28:04] [%emt 00:02:45]} 4.
c3 {[%clk 01:32:14] [%emt 00:00:06]} 4... Nf6 {[%clk 01:25:08] [%emt 00:03:26]}
5. d4 {[%clk 01:32:37] [%emt 00:00:07]} 5... exd4 {[%clk 01:23:15] [%emt
00:02:23]} 6. e5 {[%clk 01:33:01] [%emt 00:00:05]} 6... d5 {[%clk 01:16:29]
[%emt 00:07:16]} 7. Bb5 {[%clk 01:33:21] [%emt 00:00:11]} 7... Ne4 {[%clk
01:14:52] [%emt 00:02:07]} 8. cxd4 {[%clk 01:33:25] [%emt 00:00:25]} 8... Bb4+
{[%clk 01:12:40] [%emt 00:02:42]} 9. Bd2 {[%clk 01:33:49] [%emt 00:00:06]} 9...
Bd7 {[%clk 01:08:06] [%emt 00:05:05]} 10. Bxc6 {[%clk 01:33:54] [%emt
00:00:24]} 10... Bxd2+ {[%clk 01:03:16] [%emt 00:05:20]} 11. Nfxd2 {[%clk
01:34:17] [%emt 00:00:07]} 11... Bxc6 {[%clk 01:03:35] [%emt 00:00:11]} 12.
Nxe4 {[%clk 01:34:38] [%emt 00:00:09]} 12... dxe4 {[%clk 01:03:47] [%emt
00:00:18]} 13. Nc3 {[%clk 01:34:59] [%emt 00:00:09]} 13... b6 {[%clk 00:54:30]
[%emt 00:09:47]} 14. d5 {[%clk 01:34:53] [%emt 00:00:36]} 14... Bb7 {[%clk
00:53:34] [%emt 00:01:26]} 15. Qa4+ {[%clk 01:34:53] [%emt 00:00:30]} 15... Ke7
{[%clk 00:52:49] [%emt 00:01:14]} 16. Qxe4 {[%clk 01:35:00] [%emt 00:00:24]}
16... Re8 {[%clk 00:52:36] [%emt 00:00:43]} 17. d6+ {[%clk 01:35:18] [%emt
00:00:13]} 17... Kf8 {[%clk 00:51:42] [%emt 00:01:24]} 18. Qxb7 {[%clk
01:35:32] [%emt 00:00:15]} 18... Qxd6 {[%clk 00:50:52] [%emt 00:01:19]} 19. O-O
{[%clk 01:34:52] [%emt 00:01:11]} 19... Qb4 {[%clk 00:46:15] [%emt 00:05:07]}
20. Nd5 {[%clk 01:33:11] [%emt 00:02:11]} 20... Qxb2 {[%clk 00:42:51] [%emt
00:03:54]} 21. Nxc7 {[%clk 01:33:29] [%emt 00:00:12]} 21... Rab8 {[%clk
00:41:05] [%emt 00:02:16]} 22. Qxa7 {[%clk 01:32:55] [%emt 00:01:04]} 22...
Red8 {[%clk 00:37:57] [%emt 00:03:39]} 23. Nd5 {[%clk 01:32:37] [%emt
00:00:48]} 23... Qxe5 {[%clk 00:34:51] [%emt 00:03:36]} 24. Qa3+ {[%clk
01:32:05] [%emt 00:01:02]} 24... Kg8 {[%clk 00:34:09] [%emt 00:01:11]} 25. Ne7+
{[%clk 01:32:16] [%emt 00:00:19]} 25... Kh8 {[%clk 00:33:54] [%emt 00:00:46]}
26. Nc6 {[%clk 01:31:47] [%emt 00:00:59]} 26... Qc7 {[%clk 00:33:17] [%emt
00:01:07]} 27. Nxb8 {[%clk 01:32:07] [%emt 00:00:09]} 27... Rxb8 {[%clk
00:33:39] [%emt 00:00:09]} 28. Rac1 {[%clk 01:32:28] [%emt 00:00:09]} 28... Qb7
{[%clk 00:33:42] [%emt 00:00:28]} 29. Rfe1 {[%clk 01:32:32] [%emt 00:00:26]}
29... Rd8 {[%clk 00:30:13] [%emt 00:03:58]} 30. Re7 {[%clk 01:32:48] [%emt
00:00:14]} 30... Qd5 {[%clk 00:29:46] [%emt 00:00:57]} 31. Rce1 {[%clk
01:32:46] [%emt 00:00:32]} 31... h6 {[%clk 00:27:24] [%emt 00:02:52]} 32. Re8+
{[%clk 01:32:42] [%emt 00:00:34]} 32... Rxe8 {[%clk 00:27:36] [%emt 00:00:19]}
33. Rxe8+ {[%clk 01:33:07] [%emt 00:00:04]} 33... Kh7 {[%clk 00:27:54] [%emt
00:00:13]} 34. Qe7 {[%clk 01:33:15] [%emt 00:00:22]} 34... g6 {[%clk 00:27:29]
[%emt 00:00:54]} 35. h3 {[%clk 01:33:28] [%emt 00:00:17]} 35... Kg7 {[%clk
00:25:27] [%emt 00:02:32]} 36. Qf8+ {[%clk 01:33:39] [%emt 00:00:19]} 36... Kf6
{[%clk 00:25:42] [%emt 00:00:15]} 37. Qh8+ {[%clk 01:33:51] [%emt 00:00:18]}
37... Kf5 {[%clk 00:25:29] [%emt 00:00:43]} 38. g4+ {[%clk 01:33:59] [%emt
00:00:22]} 38... Kf4 {[%clk 00:25:08] [%emt 00:00:51]} 39. Qf6+ {[%clk
01:34:12] [%emt 00:00:16]} 39... Qf5 {[%clk 00:25:00] [%emt 00:00:38]} 40. gxf5
{[%clk 01:34:35] [%emt 00:00:08]} 40... gxf5 {[%clk 00:25:25] [%emt 00:00:05]}
41. Qe5+ {[%clk 01:34:56] [%emt 00:00:09]} 41... Kg5 {[%clk 00:25:30] [%emt
00:00:25]} 42. Rg8+ {[%clk 01:35:20] [%emt 00:00:06]} 42... Kh5 {[%emt
00:00:15]} 43. Qxf5+ {[%emt 00:00:23]} 43... Kh4 {[%clk 00:23:53] [%emt
00:01:29]} 44. Qg4# {[%clk 01:35:19]} 1-0

[Event "ODJM C 2023"]
[Site "Willingen GER"]
[Date "2023.05.28"]
[Round "1"]
[White "Söhren, Louis"]
[Black "Müller, Ariana"]
[Result "0-1"]
[Termination "normal"]
[Board "31"]
[WhiteElo "964"]
[BlackElo "1148"]
[PlyCount "28"]
[WhiteFideId "34631747"]
[BlackFideId "34615024"]
[EventCountry "GER"]
[EventRounds "9"]
[EventType "swiss"]
[EventDate "2023.05.27"]

1. e4 e5 2. Bc4 Nf6 3. Nc3 Nc6 4. Nf3 Bc5 5. Ng5 d5 6. exd5 Nd4 7. h3 Bf5 8.
O-O Nxd5 9. Nxd5 Qxg5 10. Nxc7+ Kd8 11. Nxa8 Bxh3 12. g3 Ne2+ 13. Qxe2 Qxg3+
14. Kh1 Qg2# 0-1

[Event "ODJM C 2023"]
[Site "Willingen GER"]
[Date "2023.05.28"]
[Round "1"]
[White "Neumeier, Leonhard"]
[Black "Ruddat, Merja"]
[Result "1-0"]
[Termination "normal"]
[Board "32"]
[WhiteElo "1219"]
[BlackElo "934"]
[PlyCount "97"]
[WhiteFideId "34650822"]
[BlackFideId "34660577"]
[EventCountry "GER"]
[EventRounds "9"]
[EventType "swiss"]
[EventDate "2023.05.27"]

1. e4 e5 2. Nf3 Nc6 3. Bc4 Nf6 4. Ng5 d5 5. exd5 Na5 6. Bb5+ c6 7. dxc6 bxc6 8.
Qf3 Be7 9. Bxc6+ Nxc6 10. Qxc6+ Bd7 11. Qc4 O-O 12. Nc3 h6 13. Nf3 Rc8 14. Qe2
Rc6 15. O-O Bg4 16. h3 Bxf3 17. Qxf3 Rc4 18. d3 Rb4 19. Re1 Qd4 20. Be3 Qd6 21.
b3 Qc7 22. Bd2 Rd8 23. Qg3 Nh5 24. Qf3 Nf4 25. a3 Rbd4 26. Ra2 Bc5 27. Nb5 Qd7
28. Nxd4 Qxd4 29. Re4 Qd5 30. Bxf4 exf4 31. Re8+ Rxe8 32. Qxd5 Re1+ 33. Kh2
Bxf2 34. g3 fxg3+ 35. Kg2 Rg1+ 36. Kf3 Rf1 37. Ke2 Re1+ 38. Kd2 Rg1 39. Qa8+
Kh7 40. Qe4+ g6 41. Qf4 Kg7 42. Qe5+ f6 43. Qe7+ Kg8 44. Qxf6 Rh1 45. Qxg6+ Kf8
46. Qxh6+ Ke7 47. Qh7+ Ke6 48. Qe4+ Kf6 49. Qxh1 1-0

[Event "ODJM C 2023"]
[Site "Willingen GER"]
[Date "2023.05.28"]
[Round "1"]
[White "Du, Melina"]
[Black "Klockhaus, Daniel"]
[Result "0-1"]
[Termination "normal"]
[Board "33"]
[WhiteElo "931"]
[BlackElo "1440"]
[PlyCount "60"]
[WhiteFideId "34639659"]
[BlackFideId "16299132"]
[EventCountry "GER"]
[EventRounds "9"]
[EventType "swiss"]
[EventDate "2023.05.27"]

1. e4 c6 2. d4 d5 3. exd5 cxd5 4. c4 dxc4 5. Bxc4 Bf5 6. Nc3 e6 7. Nf3 Nf6 8.
O-O Be7 9. Bb5+ Nbd7 10. Ne5 O-O 11. Nxd7 Nxd7 12. d5 a6 13. dxe6 Bxe6 14. Bd3
Nc5 15. Bc2 Re8 16. Qh5 g6 17. Qf3 Qd7 18. Bh6 Bg4 19. Qg3 Qd4 20. Be3 Qc4 21.
b3 Qxc3 22. Bxc5 Qxc5 23. Qxg4 Qxc2 24. Rfe1 Bf6 25. Rxe8+ Rxe8 26. Qa4 Re4 27.
Qd7 Bxa1 28. h3 Re1+ 29. Kh2 Be5+ 30. g3 Qxf2# 0-1

[Event "ODJM C 2023"]
[Site "Willingen GER"]
[Date "2023.05.28"]
[Round "1"]
[White "Fize, Aleksandrs"]
[Black "Knudsen, Max Leon"]
[Result "1-0"]
[Termination "normal"]
[Board "34"]
[WhiteElo "1154"]
[BlackElo "931"]
[PlyCount "69"]
[WhiteFideId "34623779"]
[BlackFideId "34629467"]
[EventCountry "GER"]
[EventRounds "9"]
[EventType "swiss"]
[EventDate "2023.05.27"]

1. d4 g6 2. Nc3 d6 3. Bf4 a6 4. Qd2 Bg7 5. f3 b5 6. e4 b4 7. Na4 Nc6 8. d5 Nd4
9. Be3 a5 10. Bxd4 Bh6 11. Be3 Bg7 12. Bd4 Bh6 13. Qf2 e5 14. dxe6 f6 15. Bc4
Qe7 16. Rd1 Bxe6 17. Bxe6 Qxe6 18. b3 d5 19. Nc5 Qe7 20. Ne2 dxe4 21. fxe4
O-O-O 22. Qf3 Rxd4 23. Qh3+ f5 24. Nxd4 Qxc5 25. exf5 Qe5+ 26. Ne2 gxf5 27. Rf1
Ne7 28. Qxh6 Kb7 29. Qf4 Qe6 30. Qd4 Re8 31. Qd7 Qf7 32. Rxf5 Qg8 33. Qb5+ Kc8
34. Qa6+ Kb8 35. Rb5# 1-0

[Event "ODJM C 2023"]
[Site "Willingen GER"]
[Date "2023.05.28"]
[Round "1"]
[White "Schwarzfischer, Ramona"]
[Black "Engelhaupt, Henry"]
[Result "1-0"]
[Termination "normal"]
[Board "35"]
[WhiteElo "916"]
[BlackElo "1196"]
[PlyCount "103"]
[WhiteFideId "16268113"]
[BlackFideId "34644814"]
[EventCountry "GER"]
[EventRounds "9"]
[EventType "swiss"]
[EventDate "2023.05.27"]

1. e4 e5 2. Nf3 Nc6 3. Nc3 Nf6 4. Bb5 a6 5. Bxc6 dxc6 6. d3 Bc5 7. h3 Be6 8.
O-O Qd6 9. Re1 O-O-O 10. a3 Ba7 11. Be3 Bxe3 12. Rxe3 Rhg8 13. Qd2 g5 14. Kf1
g4 15. Ng1 gxh3 16. Nxh3 Ng4 17. Rg3 Nf6 18. Rxg8 Rxg8 19. Ng5 Ng4 20. Nxe6
Qxe6 21. g3 Nh2+ 22. Kg2 Ng4 23. d4 Rd8 24. d5 Qf6 25. Rd1 Qg6 26. Qe2 c5 27.
Kf1 Qh6 28. Ke1 Qh1+ 29. Kd2 Qh6+ 30. Kd3 b5 31. Qxg4+ Kb7 32. Ke2 Kb6 33. Qf5
f6 34. Qe6+ Rd6 35. Qe8 Ka5 36. b4+ cxb4 37. axb4+ Kxb4 38. Na2+ Ka3 39. Nc1
Qg5 40. Rd3+ Ka4 41. Nb3 Qg4+ 42. Kf1 Qh3+ 43. Kg1 Ka3 44. Nc5+ Kb2 45. Nxa6
Kxc2 46. Ra3 f5 47. Qxb5 Rh6 48. Qe2+ Kb1 49. Qa2+ Kc1 50. Rc3+ Kd1 51. Qc2+
Ke1 52. Re3# 1-0

[Event "ODJM C 2023"]
[Site "Willingen GER"]
[Date "2023.05.28"]
[Round "1"]
[White "Fischermann, Charlotte"]
[Black "Aslanov, Kamran"]
[Result "1-0"]
[Termination "normal"]
[Board "36"]
[WhiteElo "1303"]
[BlackElo "905"]
[PlyCount "115"]
[WhiteFideId "34619690"]
[BlackFideId "34660402"]
[EventCountry "GER"]
[EventRounds "9"]
[EventType "swiss"]
[EventDate "2023.05.27"]

1. e4 e5 2. Nf3 Nc6 3. Bc4 Nf6 4. Ng5 d5 5. exd5 Nxd5 6. d3 Be7 7. Qf3 Bxg5 8.
Bxg5 Qxg5 9. Bxd5 Qc1+ 10. Qd1 Qxb2 11. Bxc6+ bxc6 12. Nd2 Bg4 13. Qb1 Rb8 14.
Qxb2 Rxb2 15. f3 Bf5 16. Kd1 Be6 17. Nb3 Rxb3 18. axb3 Ke7 19. Rxa7 Kd7 20. Kd2
Rb8 21. Re1 f6 22. Re4 c5 23. f4 Bd5 24. Re2 exf4 25. Rf2 g5 26. g3 fxg3 27.
hxg3 Rf8 28. Ra5 Kd6 29. Rf5 h6 30. c4 Ke6 31. cxd5+ Kxf5 32. Rxc5 Ke5 33. Rxc7
Kxd5 34. Rh7 Rb8 35. Rxh6 Rxb3 36. Rxf6 Rb2+ 37. Ke3 Ke5 38. Rf2 Rb3 39. g4 Rb4
40. Rf5+ Ke6 41. Rxg5 Kf6 42. Rf5+ Kg6 43. Rf4 Rb5 44. Ke4 Kg5 45. Rf5+ Rxf5
46. gxf5 Kf6 47. d4 Ke7 48. Ke5 Kf7 49. Kd6 Ke8 50. Kc7 Ke7 51. d5 Ke8 52. d6
Kf7 53. d7 Ke7 54. d8=Q+ Kf7 55. Qd6 Kg7 56. Qe7+ Kh8 57. f6 Kg8 58. Qg7# 1-0

[Event "ODJM C 2023"]
[Site "Willingen GER"]
[Date "2023.05.28"]
[Round "1"]
[White "Wagner, Valentin Thien-Phú"]
[Black "Lindl, Julian"]
[Result "1/2-1/2"]
[Termination "normal"]
[Board "37"]
[WhiteElo "857"]
[BlackElo "1148"]
[PlyCount "65"]
[WhiteFideId "34603492"]
[BlackFideId "16258304"]
[EventCountry "GER"]
[EventRounds "9"]
[EventType "swiss"]
[EventDate "2023.05.27"]

1. e4 d5 2. Nc3 d4 3. Nce2 e5 4. Nf3 Nc6 5. Ng3 Nf6 6. Bc4 Be7 7. d3 Bg4 8. h3
Bxf3 9. Qxf3 Bb4+ 10. Bd2 Bxd2+ 11. Kxd2 Qe7 12. Nf5 Qf8 13. g4 O-O-O 14. g5
Nd7 15. c3 Kb8 16. Rab1 Nb6 17. b4 Nxc4+ 18. dxc4 dxc3+ 19. Kxc3 g6 20. b5 Nd4
21. Nxd4 exd4+ 22. Kd3 Rd7 23. Rhc1 Qe7 24. c5 Rc8 25. c6 Rd6 26. cxb7 Rcd8 27.
e5 Rb6 28. Rc6 Rxb7 29. Ra6 Rb6 30. Rxb6+ axb6 31. h4 Qa3+ 32. Ke4 Qxf3+ 33.
Kxf3 1/2-1/2

[Event "ODJM C 2023"]
[Site "Willingen GER"]
[Date "2023.05.28"]
[Round "1"]
[White "Dauerer, Leonhard"]
[Black "Gattermayer, Jan"]
[Result "1-0"]
[Termination "normal"]
[Board "38"]
[WhiteElo "1184"]
[BlackElo "852"]
[PlyCount "57"]
[WhiteFideId "34640223"]
[BlackFideId "34622306"]
[EventCountry "GER"]
[EventRounds "9"]
[EventType "swiss"]
[EventDate "2023.05.27"]

1. e4 e5 2. Nf3 Nc6 3. Bc4 Nh6 4. d3 d6 5. Nc3 Be7 6. h3 O-O 7. Bxh6 gxh6 8.
Qd2 Kg7 9. Nd5 Be6 10. Nxe7 Qxe7 11. Bb3 f5 12. O-O-O f4 13. d4 Qf6 14. d5 Nd4
15. Nxd4 exd4 16. dxe6 f3 17. gxf3 Qxf3 18. Qxd4+ Qf6 19. Rhg1+ Kh8 20. Qxf6+
Rxf6 21. Rdf1 Rg6 22. f4 Rag8 23. Rxg6 hxg6 24. f5 Rf8 25. f6 Rxf6 26. Rxf6 Kg7
27. Rf7+ Kg8 28. e7 Kh8 29. e8=Q# 1-0

[Event "ODJM C 2023"]
[Site "Willingen GER"]
[Date "2023.05.28"]
[Round "1"]
[White "Andrade, Levin"]
[Black "Kühne, Malin"]
[Result "0-1"]
[Termination "normal"]
[Board "39"]
[WhiteElo "840"]
[BlackElo "1162"]
[PlyCount "44"]
[WhiteFideId "34660399"]
[BlackFideId "34619747"]
[EventCountry "GER"]
[EventRounds "9"]
[EventType "swiss"]
[EventDate "2023.05.27"]

1. e4 c6 2. d4 d5 3. exd5 cxd5 4. Nc3 Bf5 5. Bf4 a6 6. Nf3 e6 7. Bd3 Bxd3 8.
cxd3 Bd6 9. Bxd6 Qxd6 10. O-O Ne7 11. Re1 O-O 12. Ne5 Qb6 13. Qg4 Nec6 14. Re3
Qxd4 15. Qg5 h6 16. Qg4 Qxg4 17. Nxg4 d4 18. Nxh6+ gxh6 19. Rg3+ Kh7 20. Ne4
Nd7 21. Nd6 Rab8 22. Rf3 f5 0-1

[Event "ODJM C 2023"]
[Site "Willingen GER"]
[Date "2023.05.28"]
[Round "1"]
[White "Lang, Samuel"]
[Black "Kraus, Joshua"]
[Result "1-0"]
[Termination "normal"]
[Board "40"]
[WhiteElo "1159"]
[BlackElo "836"]
[PlyCount "71"]
[WhiteFideId "34660526"]
[BlackFideId "34660500"]
[EventCountry "GER"]
[EventRounds "9"]
[EventType "swiss"]
[EventDate "2023.05.27"]

1. d4 d5 2. c4 dxc4 3. e4 Nf6 4. e5 Nd5 5. Bxc4 Be6 6. Nf3 Nc6 7. O-O g6 8. Qa4
Bg7 9. Ba6 Bd7 10. Bxb7 Nb6 11. Qc2 Nb4 12. Qb3 Rb8 13. Be4 a5 14. Bd2 Be6 15.
Qe3 Nc2 16. Bxc2 Nc4 17. Qc3 Rxb2 18. Bb3 Rxb3 19. axb3 Nxd2 20. Nbxd2 O-O 21.
Rxa5 Qb8 22. Rc5 Rc8 23. Rc1 Bf8 24. Rxc7 Rxc7 25. Qxc7 Qxc7 26. Rxc7 Kg7 27.
b4 Bg4 28. b5 Bxf3 29. Nxf3 e6 30. b6 Bb4 31. b7 Ba5 32. Rd7 Kh6 33. b8=Q Kh5
34. h3 Bd2 35. Qf8 Bh6 36. g4# 1-0

[Event "ODJM C 2023"]
[Site "Willingen GER"]
[Date "2023.05.28"]
[Round "1"]
[White "Kutz, Henning Jasper"]
[Black "Neininger, Pascal"]
[Result "0-1"]
[Termination "normal"]
[Board "41"]
[WhiteElo "830"]
[BlackElo "1156"]
[PlyCount "96"]
[WhiteFideId "34612882"]
[BlackFideId "34640860"]
[EventCountry "GER"]
[EventRounds "9"]
[EventType "swiss"]
[EventDate "2023.05.27"]

1. e4 c5 2. Nc3 e5 3. Bc4 Nc6 4. d3 d6 5. Bd5 Nge7 6. Nf3 g6 7. Bg5 h6 8. Bxc6+
bxc6 9. Bf6 Rh7 10. O-O Bg7 11. Bxg7 Rxg7 12. a3 Kf8 13. b4 Kg8 14. bxc5 dxc5
15. Nxe5 Qd4 16. Nxc6 Nxc6 17. Nb5 Qe5 18. f4 Qh5 19. Qxh5 gxh5 20. f5 Ne5 21.
f6 Rg6 22. Rf2 Ng4 23. Rf3 Nxf6 24. Rb1 Rb8 25. Rg3 Rxg3 26. hxg3 a6 27. Nc3
Rxb1+ 28. Nxb1 Bg4 29. c3 Be2 30. d4 cxd4 31. cxd4 Nxe4 32. d5 Bc4 33. Nc3 Nxc3
34. d6 Be6 35. Kf2 Nb5 36. d7 Bxd7 37. a4 Nd4 38. a5 Nb3 39. Kf3 Nxa5 40. Kf2
Nc4 41. Kg1 a5 42. Kh2 a4 43. Kg1 a3 44. Kh2 a2 45. Kg1 a1=Q+ 46. Kf2 Qc3 47.
g4 Qe3+ 48. Kf1 Nd2# 0-1